|
|
|
|
| LEADER |
00000nam0a2200000 4500 |
| 001 |
113682 |
| 005 |
20231101215137.0 |
| 010 |
|
|
|a 5339003329
|
| 035 |
|
|
|a (RuTPU)RU\TPU\book\122944
|
| 090 |
|
|
|a 113682
|
| 100 |
|
|
|a 20070414d1990 m y0rusy50 ca
|
| 101 |
0 |
|
|a rus
|
| 102 |
|
|
|a BY
|
| 105 |
|
|
|a y j 001zy
|
| 200 |
1 |
|
|a Практикум по дифференциальным уравнениям
|e учебное пособие
|f Л. А. Альсевич, Л. П. Черенкова
|
| 210 |
|
|
|a Минск
|c Вышэйшая школа
|d 1990
|
| 215 |
|
|
|a 318 с.
|
| 320 |
|
|
|a Библиогр.: с. 309-310.
|
| 606 |
|
|
|a Дифференциальные уравнения
|2 stltpush
|3 (RuTPU)RU\TPU\subj\9693
|9 36875
|
| 610 |
1 |
|
|a математика
|
| 610 |
1 |
|
|a учебные пособия
|
| 610 |
1 |
|
|a метод Лагранжа
|
| 675 |
|
|
|a 517.9(076.5)(075.8)
|v 3
|
| 700 |
|
1 |
|a Альсевич
|b Л. А.
|g Лариса Алексеевна
|
| 701 |
|
1 |
|a Черенкова
|b Л. П.
|g Людмила Павловна
|
| 801 |
|
1 |
|a RU
|b 63413507
|c 20070414
|g PSBO
|
| 801 |
|
2 |
|a RU
|b 63413507
|c 20170912
|g PSBO
|
| 942 |
|
|
|c BK
|